Zgadnij kraj po piłkarzu - Statystyki

Ogólne statystyki
  • Ten quiz został rozwiązany 207 razy
  • Średni wynik to 13 z 15
Statystyki odpowiedzi
PIŁKARZ KRAJ % Poprawnych
Lionel Messi Argentyna
99%
Robert Lewandowski Polska
99%
Cristiano Ronaldo Portugalia
99%
Neymar.Jr Brazylia
98%
Ronaldo Nazario Brazylia
95%
Luis Suarez Urugwaj
93%
Zinchenko Ukraina
90%
Bruno Fernandes Portugalia
87%
Alvaro Morata Hiszpania
86%
Bukayo Saka Anglia
83%
Carles Puyol Hiszpania
83%
Lew Yashin Rosja
83%
Victor Oshimen Nigeria
78%
Ferenc Puskas Węgry
75%
Tammy Abraham Anglia
72%
Nie znaleziono quizów pasujących do podanych kryteriów
Rozkład punktacji
Procent ludzi z każdym wynikiem
Percentyl według liczby udzielonych odpowiedzi
Twoja historia wyników
Nie rozwiązałeś tego quizu